Central Library OPAC University of Rajshahi

The Third Republic of France : (Record no. 25648)

MARC details
000 -LEADER
fixed length control field 00767nam a22002531 4500
001 - CONTROL NUMBER
control field 25648
003 - CONTROL NUMBER IDENTIFIER
rucl marc code BD-RjUL
005 - DATE AND TIME OF LATEST TRANSACTION
control field 20211209050916.0
008 - FIXED-LENGTH DATA ELEMENTS--GENERAL INFORMATION
fixed length control field 140318s1962 nyua s 001 0 eng
035 ## - SYSTEM CONTROL NUMBER
System control number (BD-RjUL)25718
System control number (OCoLC)7097495
040 ## - CATALOGING SOURCE
Original cataloging agency DLC
Transcribing agency NNU
Modifying agency NNU
-- OCoLC
-- DLC
-- BD-RjUL
Language of cataloging eng
041 ## - LANGUAGE CODE
Language code of text/sound track or separate title eng
082 ## - DEWEY DECIMAL CLASSIFICATION NUMBER
Classification number 944.08
Author mark and year CHT 1962
100 1# - MAIN ENTRY--PERSONAL NAME
Personal name Chapman, Guy.
9 (RLIN) 78810
245 14 - TITLE STATEMENT
Title The Third Republic of France :
Remainder of title the first phase 1871-1894 /
Statement of responsibility, etc. Guy Chapman.
260 ## - PUBLICATION, DISTRIBUTION, ETC. (IMPRINT)
Place of publication, distribution, etc. New York :
Name of publisher, distributor, etc. St Martin's Press,
Date of publication, distribution, etc. c1962.
300 ## - PHYSICAL DESCRIPTION
Pagination xxii, 433 p. :
Illustrations ill. ;
Size 23 cm.
504 ## - BIBLIOGRAPHY, ETC. NOTE
Bibliography, etc Includes bibliography and index.
651 #0 - SUBJECT ADDED ENTRY--GEOGRAPHIC NAME
Geographic name France
General subdivision History
Chronological subdivision Third Republic, 1870-1940.
9 (RLIN) 76240
942 ## - ADDED ENTRY ELEMENTS (KOHA)
Source of classification or shelving scheme Dewey Decimal Classification
Koha item type Books
Holdings
Lost status Source of classification or shelving scheme Damaged status Not for loan Collection code Permanent Location Current Location Shelving location Date acquired Source of acquisition Cost, normal purchase price Total Checkouts Full call number Date last seen Copy number Koha item type
  Dewey Decimal Classification   Added to bundle Non-fiction Central Library, University of Rajshahi Central Library, University of Rajshahi Reading Room 26/02/1964 Zitlinger 50.00   944.08 CHT 1962 18/03/2014 C-1 Books